Flaggen aller Nationen - Statistiken

Allgemein
  • Dieses Quiz wurde 7.841 mal gespielt
  • Das Durchschnittsergebnis liegt bei 137 aus 196
Antwortstatistiken
Bildquiz Antwort % Korrekt
Niederlande
98%
Vatikan
95%
Island
94%
Israel
94%
Portugal
94%
Serbien
94%
Zypern
94%
Türkei
93%
Griechenland
92%
Nigeria
92%
Nordkorea
92%
San Marino
91%
Spanien
91%
USA
91%
Ägypten
90%
Algerien
90%
Kroatien
90%
Österreich
90%
Mexiko
89%
Norwegen
89%
Rumänien
89%
Russland
89%
Südkorea
89%
Deutschland
88%
Frankreich
88%
Panama
88%
Schweden
88%
Slowenien
88%
Uruguay
88%
Vereinigtes Königreich
88%
Albanien
87%
Indien
87%
Tunesien
87%
Luxemburg
86%
Slowakei
86%
Finnland
85%
Indonesien
85%
Argentinien
84%
Bulgarien
84%
Irland
84%
Malta
84%
Nordmazedonien
84%
Saudi-Arabien
84%
Schweiz
84%
Thailand
84%
Bosnien und Herzegowina
83%
Lettland
83%
Nepal
83%
Tschechien
83%
Armenien
82%
Kanada
82%
Kolumbien
82%
Neuseeland
82%
Ungarn
82%
Brasilien
81%
China
81%
Dänemark
81%
Kuba
80%
Aserbaidschan
79%
Bhutan
79%
Georgien
79%
Kasachstan
79%
Kosovo
79%
Pakistan
79%
Somalia
79%
Elfenbeinküste
78%
Irak
78%
Monaco
78%
Montenegro
78%
Belgien
77%
Italien
77%
Katar
77%
Polen
77%
Sri Lanka
77%
Bahrain
76%
Ecuador
76%
Uganda
76%
Angola
75%
Jamaika
75%
Belarus
74%
Chile
74%
Marokko
74%
Mongolei
74%
Syrien
74%
Ukraine
74%
Vietnam
74%
Japan
73%
Libanon
73%
Iran
72%
Seychellen
72%
Taiwan
72%
Andorra
71%
Australien
71%
Bangladesch
71%
Estland
71%
Haiti
71%
Lesotho
71%
Malaysia
71%
Südafrika
71%
Äthiopien
70%
Laos
70%
Ghana
69%
Costa Rica
68%
Kuwait
68%
Litauen
68%
Myanmar
68%
Peru
68%
Vereinigte Arabische Emirate
68%
Kambodscha
67%
Malediven
67%
Senegal
67%
Tschad
67%
Zentralafrikanische Republik
67%
Barbados
66%
Kamerun
65%
Liberia
65%
Oman
65%
Turkmenistan
65%
Jemen
64%
Kenia
64%
Liechtenstein
64%
Niger
64%
Singapur
64%
Tonga
64%
Trinidad und Tobago
64%
Venezuela
64%
Bahamas
63%
Kirgisistan
63%
Madagaskar
63%
Mikronesien
63%
Papua-Neuguinea
63%
Philippinen
63%
St.Lucia
62%
Burkina Faso
61%
Dominica
61%
Dominikanische Republik
61%
Kiribati
61%
Libyen
61%
Mauritius
61%
Togo
61%
Afghanistan
60%
Jordanien
60%
Mali
60%
Paraguay
60%
Simbabwe
60%
Suriname
60%
DR Kongo
59%
Eswatini
59%
Honduras
59%
Moldawien
59%
St. Vincent und die Grenadinen
59%
Usbekistan
59%
Fidschi
57%
Sudan
57%
Tadschikistan
57%
Gabun
56%
Guatemala
56%
Malawi
56%
Palau
56%
Tuvalu
56%
Bolivien
55%
Brunei
55%
Dschibuti
55%
El Salvador
55%
Kap Verde
55%
Antigua und Barbuda
54%
Belize
54%
Marshallinseln
54%
Mauretanien
54%
Sierra Leone
54%
Eritrea
53%
Komoren
53%
Grenada
52%
Guyana
52%
Mosambik
52%
Guinea-Bissau
51%
Nicaragua
51%
Samoa
51%
Sao Tome und Principe
50%
Südsudan
50%
Tansania
50%
Republik Kongo
48%
Sambia
48%
Osttimor
47%
Ruanda
47%
Benin
46%
Burundi
46%
Namibia
46%
Vanuatu
46%
Botswana
45%
Nauru
45%
St. Kitts und Nevis
45%
Äquatorialguinea
44%
Gambia
43%
Guinea
42%
Salomonen
39%
Keine übereinstimmenden Quizze gefunden
Verteilung der Resultate
Anzahl Personen mit jedem Resultat
Perzentil nach korrekt beantworteten Fragen
Ihre Resultats-Entwicklung
Sie haben dieses Quiz noch nicht gespielt